00306nam a2200121Ia 4500008004100000041000800041082001600049100001900065245003300084260003700117300002300154365000700177240624s9999 xx 000 0 und d aeng a650.144 AND aANDREWS SUDHIR aHOW TO SUCCEED AT INTERVIEWS c2004aNew DelhibTata McGrawhill a91 : p. : cm. ; 18 cRS